000 00411nam a2200169Ia 4500
003 Ost
005 20260225132601.0
008 260225s9999||||xx |||||||||||||| ||und||
020 _a2020229595
040 _cfsic
041 _afre
082 _a401.9
100 _adominique maigueneau
_eAuteur
245 0 _ales termes clés de l'analyses du discours /
245 0 _cdominique maigueneau
942 _cكتاب
999 _c34752
_d34752